000 00558nam a2200229Ia 4500
003 OSt
005 20221006151851.0
006 a|||||r|||| 00| 0
007 ta
008 221006b |||||||| |||| 00| 0 eng d
020 _c452.00
024 _a23,748
037 _cTextual
040 _aEASL
_cEASL
_beng
041 _2eng
_aeng
100 _aMEIKLE S
_9660176
245 0 _aEssentialism in the thought of Karl Marx
260 _an
_bDuckworth
_c1985
300 _a195p.
_ccm.
942 _cTEXL
_2CC
999 _c1091834
_d1091834